00865cam a2200265 i 45000010009000000050017000090080041000260200019000670400028000860820021001142450069001352500019002042600073002233000019002966500014003156500033003296500021003626500029003836500029004127000021004417000025004629420006004879520091004939990015005841883867220250130013103.0151030s2017 cau b 000 0 eng  a9781483379487  aDLCbengcDLCerdadDLC00a305.327041bSPA04aThe Kaleidoscope of Gender:bPrisms, Patterns, and Possibilities aFifth Edition. aCalifornia;aLondon;aNew Delhi;aSingaporebSAGE Publicationsc2017 axxvii, 657 p., 0aSex Role. 0aSex Differences (Psychology) 0aGender Identity. 0aMan-Woman Relationships. 0aInterpersonal Relations.1 aSpade, J. Zeedt1 aValentine, C. Geedt cL 001040708LaWERCLbWERCLd2025-01-30l0o305.3 SPAp7041r2025-01-30w2025-01-30yL c5970d5970